000 00547nam a2200205Ia 4500
005 20250508164437.0
008 008 250505s9999 xx 000 0 eng d
020 _a0-14-310194-3
037 _aTextual
040 _aFEDL
_beng
_cFEDL
041 _aeng
_2eng
084 _a378, POW
_qFEDL
100 _aPowar K B
245 0 _aQuality in higher education
260 _aNew Delhi, India
_bAnamaya Publishers
_c2005
300 _axi,170p.
650 _aHigher education
942 _cTEXL
_h378, POW
999 _c1389171
_d1389171